Szczegóły MARC21

Zarys filozofii średniowiecznej /

003 -Nazwa inst., której nr kontr. jest w polu 001 [,]
    • @
    • Nazwa instytucji, której n kontrolny jest w polu 001
    • NUKAT
005 -DATA I CZAS OSTATNIEJ MODYFIKACJI [,]
    • @
    • pole kontrolne
    • 20241231095216.0
040 -Instytucja sporządzająca opis [ , ]
    • a
    • Instytucja, która sporządziła opis (NP)
    • LUBL U/WAG
    • c
    • Instytucja, która sporządziła rekord (NP)
    • LUBL U/WAG
    • d
    • Instytucja, która zmodyfikowała rekord (P)
    • LUBL U/WAGs
    • d
    • Instytucja, która zmodyfikowała rekord (P)
    • LUBL U/bg
    • d
    • Instytucja, która zmodyfikowała rekord (P)
    • WA 191/MS
942 -Rodzaj dokumentu [ , ]
    • c
    • Rodzaj dokumentu
    • Książka
100 -Hasło główne - nazwa osobowa [1, ]
    • a
    • Nazwa osobowa (NP)
    • Kuksewicz, Zdzisław
    • d
    • Daty biograficzne (NP)
    • (1930-2019).
    • 9
    • KHW
    • 18055
245 -Strefa tytułu i oznaczenia odpowiedzialności [1,0]
    • a
    • Tytuł
    • Zarys filozofii średniowiecznej / Find
    • c
    • Pozostałe elementy strefy tytułu i oznaczenia odpowiedzialności (NP)
    • Zdzisław Kuksewicz.
260 -Strefa adresu wydawniczego [ , ]
    • a
    • Miejsce wydania (P)
    • Warszawa :
    • b
    • Nazwa wydawcy (P)
    • Państwowe Wydawnictwo Naukowe,
    • c
    • Data wydania (P)
    • 1973.
300 -Strefa opisu fizycznego [ , ]
    • a
    • Określenie formy książki i/lub objętość (NP)
    • 562, [2] s. :
    • b
    • Oznaczenie ilustracji (NP)
    • err. ;
    • c
    • Format (NP)
    • 20 cm.
336 -Typ zawartości [ , ]
    • a
    • Termin opisujący typ zawartości
    • Tekst
    • b
    • Kod określający zawartość
    • txt
    • 2
    • Źródło (terminu i kodu)
    • rdacontent
337 -Typ mediów [ , ]
    • a
    • Tryb odtwarzania
    • Bez urządzenia pośredniczącego
    • b
    • Kod typu mediów
    • n
    • 2
    • Źródło (terminu i kodu)
    • rdamedia
338 -Typ/rodzaj nośnika [ , ]
    • a
    • Hasło opisujące typ nośnika
    • Wolumin
    • b
    • Kod typu nośnika
    • nc
    • 2
    • Źródło (terminu i kodu)
    • rdacarrier
504 -Uwaga dot. bibliogr. załącznikowej [ , ]
    • a
    • Uwaga dot. bibliografii załącznikowej
    • Bibliogr. s. 548-549. Indeks.
080 -Uniwersalna Klasyfikacja Dziesiętna [ , ]
    • 2
    • Identyfikator wydania tablic
    • UDC-P058
    • 9
    • UKD
    • 2362
    • a
    • Symbol klasyfikacji
    • 1(091)
    • b
    • Dopowiedzenie
    • Historia filozofii.
    • 4
    • UKD2
    • 8219
    • x
    • Poddział wspólny
    • "04/14"
    • c
    • Dopowiedzenie poddz. wspólnego
    • Średniowiecze.
650 -Hasło przedmiotowe [ ,7]
    • a
    • Hasło przedmiotowe
    • Filozofia średniowieczna.
    • 2
    • Źródło terminu
    • kaba
    • 9
    • KHW
    • 108776
650 -Hasło przedmiotowe [ ,7]
    • a
    • Hasło przedmiotowe
    • Filozofowie średniowieczni.
    • 2
    • Źródło terminu
    • kaba
    • 9
    • KHW
    • 108785
980 -Symbol UKD [ , ]
    • a
    • UKD
    • 1(091)"04/14"
Data inwentaryzacji Lokalizacja Status udost. Uwagi nie widoczne w OPAC Numer inwentarzowy Sygnatura
 BE1 E.38725 
BG-3przepisanyW.18736 
BG-3przepisanyW.18737 
BG-3przepisanyW.18739 
BG6przepisanyW.18740 
BG-6przepisanyW.18738 
 BG-3przepisanyZ.9042egz.arch.
 BNS1 F.910 
2008-01-03BNS-3 H.17213 
 BSA1przepisanySA.99SA.99